000 00816nam a22002057a 4500
999 _c18804
_d18804
003 AR-CdUCM
008 190515b ||||| |||| 00| 0 spa d
040 _aMUNICIPALIDAD PROVINCIAL DEL CUSCO
_cBIBLIOTECA MUNICIPAL DEL CUSCO
082 _a984.04 /
_bV78
100 _aViscarra, Eufronio
_939619
245 _aBiografía del general Esteban Arze :
_bhomenaje en el primer centenario del 14 de setiembre de 1810 /
260 _aCochabamba :
_c1989.
300 _a202 + c páginas ;
_c22.5 cm.
440 _aHistoria nacional ;
_939620
505 _aContenido: Primeros movimientos insurrecionales en el Alto Perú -- Revolución del 14 de setiembre de 1810 -- Batalla de Aroma -- Combate de Huaqui ...
650 _aHistoria
_9136
650 _aBiografía
_922
942 _2ddc
_cLIBROS
945 _aacv
_d2019-05-15